Statistics for Animals beginning with the letter B

Click here to take the quiz!

General Stats

  • This quiz has been taken 92 times
  • The average score is 6 of 11

Answer Stats

ClueAnimal% Correct
Sun, Brown, Black & GrizzlyBear
95%
Detects prey using echolocationBat
74%
Common kind of owl that doesn't "hoot".Barn Owl
70%
Old world monkey endemic to Africa and parts of ArabiaBaboon
57%
Camel with 2 humpsBactrian Camel
52%
Video game animal, Crash ______Bandicoot
46%
Another breed of dog originating from the UKBeagle
44%
Spongebob characters; Mermaid Man & _______ BoyBarnacle
38%
Droopy is this kind of dogBasset Hound
34%
Gupta; character in Ice Age: Continental DriftBadger
25%
Hit song in 1977 by HeartBarracuda
21%

Score Distribution

Percentile by Number Answered

Percent of People with Each Score

Your Score History

You have not taken this quiz